| 000 | 00564nam a2200181 i 4500 | ||
|---|---|---|---|
| 001 | 120001 | ||
| 003 | ES-MaACL | ||
| 005 | 20231228190627.0 | ||
| 007 | t| | ||
| 008 | 070214s1933 sp r ||||1| spa d | ||
| 100 | 1 |
_aPérez Serrano, Nicolás, _d1890-1961 _991160 |
|
| 245 | 1 | 3 |
_aEl concepto clásico de soberanía y su revisión actual / _cpor Nicolás Pèrez Serrano. |
| 260 |
_aMadrid : _b[s.n.], _c1933 ( _fTip. Archivos) |
||
| 300 |
_a43 p. ; _c24 cm. |
||
| 650 | 0 | 4 |
_aSoberanía. _917146 |
| 852 |
_aES-MaACL _j1769-F-6 |
||
| 999 |
_c120001 _d120001 |
||